00673nam a2200193Ia 4500952015500000999001700155003000400172005001700176008004100193020001800234040000900252082002200261100002800283245005400311260004300365300000900408650001200417942005000429 00102ddc40708SOCIAL SCIENCEaMESbMEScSOCIAL SCIENCEd2019-02-20g245.00l0o305.409034 FUL/Wp29746r2019-02-20 00:00:00w2019-02-20yBKzGL50R5 c14316d14316OSt20201019102314.0190216s9999||||xx |||||||||||||| ||und|| a9780393971576 coclc a305.409034bFUL/W aFuller, Margaret 95868 0aWoman In The Ninteenth Century /cMargaret Fuller bWw Norton & Company,aNew York:c1997. a308p aEnglish cBK2ddch305.409034iFUL/Wk305.409034mFUL/W